| 000 | 00584nam a2200229Ia 4500 | ||
|---|---|---|---|
| 008 | 210210b2010 xxu||||| |||| 00| 0 eng d | ||
| 020 | _a9788183566551 | ||
| 041 | _aeng | ||
| 082 | _a658.022 RAYE | ||
| 100 | _aRAYEN (P Lourdes Poobala) | ||
| 245 | _aEntrepreneurship in tiny sector industries | ||
| 260 |
_aNew Delhi _bDiscovery Publishing House _c2010 |
||
| 300 | _a251 | ||
| 650 | _atiny | ||
| 650 | _asector | ||
| 650 | _aindustries | ||
| 650 | _ain | ||
| 650 | _aEntrepreneurship | ||
| 690 | _aEntrepreneurship | ||
| 700 | _aTHANARAJ (X Antony) | ||
| 906 | _a064977 | ||
| 999 |
_c141669 _d141669 |
||